MDQL
is popping MORE tags! Check the
thread
!
Quizzes
Events
Quiz Creation
Community
Videos
Private Events
Remove Ads
Sign In
Join for FREE
Feedback
Dark Mode
Quiz Categories
Sports
Geography
Music
Movies
Television
Just For Fun
Miscellaneous
History
Literature
Language
Science
Gaming
Entertainment
Religion
Holiday
For Kids
Quiz Lab
Recent
Popular Today
Quiz Kudos Today
Editor Picks
Curator Picks
Quizzes by...
Day
Popularity
Type
Ratings
Length
Year
Community
Subscriptions
Recent Discussions
Orange Saloon
Badges
Playlists
Quests
Create
Leaderboards
Showdown
Live 5
Trivia Bingo
Activity
Puzzle Library
Sporcle Events
Private Events
Virtual Trivia
Globe League
Become a Host
Pub Owners
SporcleCon
Opinionation
Our Games
Videos
Blog
Mobile Apps
Partnerships
Remove Ads and Go Orange
Feedback
Science
Computer
Plants
Astronomy
Chemistry
Elements
Math
Animal
Physics
Anatomy
Biology
Geology
General Science
Science
Computer
Plants
Astronomy
Chemistry
Elements
Math
Animal
Physics
Anatomy
Biology
Geology
General Science
Random Quiz
Search Sporcle
×
Quiz Lab
Quiz Lab
Science
final
Type in answers that appear in a list
Type in answers that appear in a list
Classic
Best Score? Go Orange.
CPS 530 final exam questions Stats
Can you name the answers to CPS 530 final exam questions?
By
lilliputian
20m
108 Questions
447 Plays
447 Plays
447 Plays
Comments
Comments
Give Quiz Kudos
Give Quiz Kudos
-
- Ratings
hide this ad
Forced Order
Answers have to be entered in order
Answers have to be entered in order
Replay
Link that replays current quiz
Next Quiz
Link to next quiz in quiz playlist
You Got
0%
They Got
Avg Score
23%
Avg Friend Score
Upgrade to see
Score Distribution
Jump to the score distribution portion of the page
Score
0/108
Timer
20:00
0
Plays Today
Question
Answer
% Correct
PHP logical AND
&&
76.1%
PHP's opening delimiter (no angle bracket)
?php
68.7%
One of PHP's print statements
echo or print
68%
PHP's variable prefix
$ (dollar sign)
67.6%
PHP's string concatenator
. (period)
67.3%
Function that rounds a float number
round
61.3%
else if statement for PHP
elseif (one word)
54.8%
PHP's whitespace terminator symbol
; (semi-colon)
52.6%
Keyword to create a function
function
43%
Function that creates a cookie in PHP
setcookie
41.4%
Function to open a file
fopen($myfile, $mode)
41.4%
ASP's string concatenator
&
40.3%
ASP's logical OR
or
38.9%
ASP's equality test if (a EQUALS b)
= (ONE equal sign)
38.7%
Same as above but kills the remaining script if the file is missing
require
38%
Command that takes a file name and inserts file's contents into the script
include
37.8%
Function to read a file by specifying num of bytes
fread($myfile, $data_to_read_in_bytes)
37.1%
Function that checks if a variable is set to something
isset
36.7%
Function that retrieves a cookie
$_COOKIE['cookie_name']
35.3%
ASP's opening delimiter (without angle brackets)
% (percent)
34.9%
Function that deletes a file
unlink($myfile)
34%
ASP's print statement
response.write
33.8%
ASP keyword for declaring array() or variable
Dim
33.6%
function that extracts data from a form
$_POST['item']
33.1%
Function that starts a PHP session
session_start()
32%
Third argument of this function
expiration
31.1%
ASP keyword that re-
sets the size of a created dynamic array
ReDim
30.6%
Function to read one line in a file
fgets($myfile)
30.2%
Ruby's else if statement
elsif
29.1%
Ruby's print statement
puts
28.6%
Ruby keyword for creating a function
def
28.2%
Function that takes a string and delimiter and puts values in an array
explode($delimiter, $string)
28%
Maximum character length of ASP's variables
255
28%
Ruby sigil for global variable
$ (dollar)
28%
Function that replaces all instances of a match with another string
str_replace($to_replace, $replace_value, $search_string)
27.7%
Ruby exponent operator
**
27.7%
Question
Answer
% Correct
JavaScript's keyword that defines a function
function
27.7%
Function that takes an array and a delimiter and makes a string out of it with entries separated by delimiter
implode($delimiter, $array)
27.5%
Ruby sigil for instance variable
@
27.5%
JS else if statement
else if
27.5%
Associative array used to store user data in a session
$_SESSION['key']
27.1%
ASP's variable sigil
There is None
26.4%
Set session expiry time to 2 hours: Session.Timeout = _
_
_
_
120
26.4%
Method that brings up a popup box with text in it
alert
26.4%
Ruby sigil for class variable
@@
25.3%
Ruby's toString method
to_s
24.6%
Ruby hash is set by specifying 'key' _
_
_
_
'value' (enter the symbol)
=>
24.6%
Ruby requires this to access forms (require '_
_
_
'
cgi, where cgi = CGI.new
24.4%
Function that searches for a string within a string
strpos($full_string, $search_string)
24.2%
Set a cookie in ASP
Response.Cookies(NameOfCookie) = value
24.2%
XML documents must contain 1 element that is parent of all others. this is called the _
_
_
_
element
root
23%
When using the previous function, old data is lost. This command will keep the old data and add it in the array
Preserve
23%
String operator that puts all letters to upper case
upcase
22.6%
JavaScript event that is triggered when user enters the page
onLoad
22.6%
If you want JavaScripts to run on events (mouse click) then script must be placed in
head
22.4%
Ruby treats cookies as this data structure
hash
21.7%
3 of these is perl's heredoc opening delimiter
less than symbol (cannot type it here)
21.5%
Associative array where all information about files is stored
$_FILES
21.3%
Retrieve data from a form in ASP
Request.Form('parameter')
21.3%
Other than illegal characters, xml elements cannot start with what 3-
letter combination
XML (lol)
20.6%
Ruby's array size method
length
19.7%
JS event that is used to validate form data
onSubmit
19.5%
To enable Java script, script type=_
_
_
_
_
_
'text/JavaScript'
19%
JS method that brings up a popup box with OK or CANCEL as choices
confirm
19%
A ruby session object is this type of data structure
hash
18.8%
JS event that is triggered when a form field changes data
onChange
18.6%
JavaScript event that is triggered when user exits the page
onUnload
17.9%
ASP's inequality test spell out symbols
less than greater than (can't put angle brackets in answers)
17.2%
JS method that creates a new browser window
window.open
16.3%
JS method that redirects the current window to another website
window.location
16.3%
Ruby and CGI function to send cookie to browser
CGI.out
15.9%
The cookie's expiration field
expires
15.4%
Question
Answer
% Correct
Method that verifies class of an object
is_a?
15.2%
< person age='20'> < /
person > In this case, age is a _
_
_
_
_
_
_
attribute
14.8%
XSL language for transforming XML documents
XSLT
14.1%
All attributes of an XML tag must be enclosed in this
'' (quotation marks)
13.6%
< person > 20 In this case, age is _
_
_
_
_
_
element
12.8%
If this field of a cookie = true then it can only be retrieved with a secure server
secure
12.1%
XSL language for navigating in XML documents
XPath
11.2%
XPath path expression that selects from the root node
|
11.2%
XML entity reference for ampersand
amp
11%
XPath path expression that selects the parent of the current node
..
10.3%
XML entity reference for apostophe (single quote)
apos
10.1%
The less popular way of displaying information in an XML document
CSS
10.1%
XPath path expression that selects attributes
@
10.1%
Part4XPath path expression that selects the current node
.
9.6%
XML function that allows you to communicate to your server from inside webpage
XMLHttpRequest
9.4%
XML entity reference for double quotes
quot
9.4%
XML validated against a DTD is _
_
_
_
XML
valid
8.9%
XML entity reference for less than symbol (enter it without ampersand)
gt
8.9%
XML entity reference for greater than symbol
lt
8.9%
XPath absolute location starts with this
|
8.9%
XSL language for formatting XML documents
XSL-FO
8.7%
XPath path expression that selects nodes in the documenet from the current node that match the selection no matter where they are
||
8.5%
XPath wildcard that matches any element node
*
8.5%
XML was created to _
_
_
_
_
data and not to _
_
_
_
_
data
carry data, not store data
7.8%
XPath division operator
div
7.8%
XML with correct syntax is called _
_
_
_
_
_
_
XML
well formed
7.6%
XPath wildcard that matches any attribute node
@*
7.4%
This key holds the session ID
session_key
7.2%
XPath wildcard that matches any node of any kind
node()
6.7%
After creating it, you put it in this
channel
6.7%
To create an RSS feed you use create this first
item
6%
A session object is only created when you store information into the _
_
_
_
_
_
Session Contents Selection
5.1%
XPath path expression that selects all child nodes of the named node
nodename
4%
An XML namespace is defined by this attribute in the start tag of an element
xmlns:prefix
2.9%
XPath absolute location starts with this
+
2%
XPath path expression that selects all child nodes of the named node
Element, Attribute, Namespace, Processing-Instruction, comment, document
1.6%
Quiz Playlist
Details
Report
Send in Message
Add To Playlist
Classic:
Type in answers that appear in a list
Forced Order:
Answers have to be entered in order
Last Updated: Feb 16, 2017
Quiz Scoreboard
CHALLENGE
Sign Up to Join the Scoreboard
Show All
Scores
Hide
Comments
May contain spoilers
Recently Published
Colored Red Africa Blitz
by spor1
Geography
30s
Find the 'City' Movie
by crazypaving
Movies
60s
5x2 Blitz: Bands
by SL_Kpop136
Music
30s
More to Explore
Quiz From the Vault
Featured Blog Post
14 Easter Pick-up Lines to Find Eggs With
hide this ad
You Might Also Like...
Tags
Exam
final
Today's Top Quizzes in Science
Browse Science
hide this ad
Today's Top Quizzes in final
Browse final
Top Contributed Quizzes in Science
1
Glycolysis
2
Square Numbers Scrambled (1-50)
3
Vet Tech Pharmacology Drug Contraindications
4
Missing Vowel Minefield: Lanthanides
5
'C' Flowers II
6
Sorting Squares: Animals by Continent
7
Multiplication table 1-10
8
Amino Acid Groups
9
Astronomy Spelling Bee
10
3-letter Elementary Words
Explore More
Trending Topics
Disney
Marvel
Harry Potter
Kpop
Anime
NBA
Crossword
WWE
Pokémon
Soccer
Puzzle
NFL
The Office
Song
Country
hide this ad
More By:
lilliputian
Quiz
Plays
Rating
Category
Featured
Created
CPS 530 final exam questions
447
1.00
Science
Dec 8, 2010
MTH 607 - Graph theory queestions
107
3.50
Science
Apr 16, 2010
CPS 621 Midterm Questions
85
Science
Feb 9, 2011
CPS 530 second midterm questions
76
Science
Oct 31, 2010
CPS 621 2nd Midterm Questions
66
Science
Mar 15, 2011
Go to Creator's Profile
Score Distribution
Quiz Creator Spotlight
lilliputian
Follow
Send a Message
Quizzes Created
-
Created Quiz Play Count
-
More By This Creator
Popular Quizzes Today
1
Find the 'City' Movie
2
Colored Red Africa Blitz
3
Find the US States - No Outlines Minefield
4
5x2 Blitz: Bands
5
The Countries of the World
6
Find the US States
7
US States
8
9x9 Crossword: Cartoon Network
More Science Quizzes
Flower Components (Image)
Quiz Lab
Trending Quizzes
Colored Red Europe Blitz I
Colored Red Africa Blitz II
Colored Red Europe Blitz II
Colored Red Africa Blitz III
Colored Red Europe Blitz III
Recently Updated
2024 March Madness Bracket
pecheneg
Famous TV Couples
Peacemaker
Champions League XIs: Real Madrid
pecheneg
Largest US Cities 1790-2010
pecheneg
Rides in Walt Disney World
pecheneg
Most Oscar Losses (Acting)
pecheneg
Beyoncé Albums
pecheneg
Leaping Animals
pecheneg
Reality TV Shows (A-Z)
bhenderson79
Rickey Henderson's Hall of Fame Teammates
pecheneg
Trending Topics
Anime
Kpop
Disney
Harry Potter
Marvel
Crossword
NBA
NFL
Song
Puzzle
The Office
Soccer
Pokémon
WWE
Country
Your Account Isn't Verified!
In order to create a playlist on Sporcle, you need to verify the email address you used during registration. Go to your
Sporcle Settings
to finish the process.
Report this User
Report this user for behavior that violates our
Community Guidelines
.
Details:
Send Report
Go to the Sporcle.com Mobile Site →
Comments